Daňové a odvodové zaťaženie práce vykonávanej na základe zmlúv o pracovnej činnosti diplomová práca

Saved in:
Bibliographic Details
Main Author: Gríková, Tatiana
Corporate Author: Národohospodárska fakulta EU. Katedra financií
Other Authors: Kubicová, Jana, 1961-
Format: Book
Language:Slovak
Published: Bratislava 2022
Tags: Add Tag
No Tags, Be the first to tag this record!

MARC

LEADER 00000nbm a2200000 4500
001 0284127
005 20221025133637.8
041 0 |a slo 
044 |a SK 
245 1 0 |a Daňové a odvodové zaťaženie práce vykonávanej na základe zmlúv o pracovnej činnosti  |b diplomová práca  |c Tatiana Gríková ; školiteľ: Jana Kubicová 
264 1 |a Bratislava  |c 2022 
300 |a 73 s. 
100 1 |a Gríková, Tatiana 
700 1 |a Kubicová, Jana, 1961- 
710 2 |a Národohospodárska fakulta EU. Katedra financií